000 00711cam a22002413a 4500
001 32056
003 PGUSA
005 20140828083708.0
008 100419s2010||||xxu|||||s|||||000 | eng d
040 _aPGUSA
_beng
042 _adc
050 4 _aML
100 1 _aBerlioz, Hector,
_d1803-1869
245 1 0 _aLes soirées de l'orchestre
_h[electronic resource] /
_cHector Berlioz
260 _bProject Gutenberg,
_c2010
506 _aPublic domain in the USA.
516 _aElectronic text
653 _aMusic -- France -- Paris -- History and criticism
653 _aMusic -- History and criticism
830 0 _aProject Gutenberg
_v32056
856 4 0 _uhttp://www.gutenberg.org/ebooks/32056
942 _cEB
999 _c261311
_d261311